000 01371cam a2200229 4500
001 J126353
008 040601n2004 000 0 eng u
035 _a(Sirsi) u126353
041 _aeng
050 _a333.72
_c18
110 _aDEFRA
245 _aSustainable indicators in your pocket 2004
_ba selection of the UK government's indicators of sustainable development
_h[electronic resource]
260 _aLondon
_bDEFRA
_c2004
520 _aContains around 50 sustainable development indicators covering the following issues: economic stability and competitiveness; resource use and waste; employment and education; poverty, health and housing; crime and social cohesion; travel and access; climate change and energy; air, water and radioactive waste; and landscape and wildlife. Each indicator has traffic light assessments to show whether recent progress has been in the right direction. View at www.sustainable-development.gov.uk.
650 _aPERFORMANCE INDICATORS
650 _aSUSTAINABLE DEVELOPMENT INDICATORS
650 _aSUSTAINABLE DEVELOPMENT
690 _aDEVELOPMENT-SUSTAINABLE
710 _aUnited Kingdom
_bOffice of National Statistics
_92035
856 _uhttps://collections.europarchive.org/tna/20080530153425/http://www.sustainable-development.gov.uk/progress/documents/sdiyp04a4.pdf
_zView the indicators free of charge
942 _n0
999 _c103609
_d103609